[Event "Unterfranken-ch M1 62th"]
[Site "Gerolzhofen"]
[Date "2011.04.26"]
[Round "3"]
[White "Kuhn, Tobias"]
[Black "Seifert, Armin"]
[Result "1-0"]
[WhiteElo "2147"]
[BlackElo "1829"]
[PlyCount "55"]
[EventDate "2011.04.25"]
[EventType "swiss"]
[EventRounds "9"]
[EventCountry "GER"]
[SourceTitle "EXT 2015"]
[Source "ChessBase"]
[SourceDate "2014.11.20"]
[SourceVersion "1"]
[SourceVersionDate "2014.11.20"]
[SourceQuality "1"]

1. e4 c5 2. Nf3 d6 3. d4 cxd4 4. Nxd4 Nf6 5. Nc3 g6 6. Be3 Bg7 7. f3 0-0 8. Qd2 Nc6 9. 0-0-0 Bd7 10. g4 Rc8 11. h4 h5 12. Kb1 hxg4 13. h5 Nxh5 14. Nxc6 Rxc6 15. Bh6 Bxc3 16. bxc3 Qb6+ 17. Ka1 Rfc8 18. Rxh5 Rxc3 19. Bf8 gxh5 20. Qh6 Rxf8 21. Qg5+ Kh8 22. Qxh5+ Kg8 23. Qg5+ Kh8 24. Bb5 Rxf3 25. Qh5+ Kg8 26. Bxd7 Rf6 27. Bf5 Rxf5 28. Qxg4+ 1-0

[Event "Unterfranken-ch M1 62th"]
[Site "Gerolzhofen"]
[Date "2011.04.26"]
[Round "2"]
[White "Seidens, Udo"]
[Black "Seifert, Armin"]
[Result "1-0"]
[WhiteElo "2190"]
[BlackElo "1829"]
[PlyCount "45"]
[EventDate "2011.04.25"]
[EventType "swiss"]
[EventRounds "9"]
[EventCountry "GER"]
[SourceTitle "EXT 2015"]
[Source "ChessBase"]
[SourceDate "2014.11.20"]
[SourceVersion "1"]
[SourceVersionDate "2014.11.20"]
[SourceQuality "1"]

1. Nf3 d5 2. g3 Bf5 3. c4 c6 4. cxd5 cxd5 5. Qb3 Bc8 6. d3 e6 7. Bg2 Nf6 8. 0-0 Be7 9. Nc3 0-0 10. Bf4 a6 11. Rac1 Nc6 12. Na4 Nd7 13. d4 Qa5 14. a3 Qd8 15. Qd3 Nf6 16. Nc5 Nd7 17. b4 b5 18. e4 Nxc5 19. dxc5 dxe4 20. Qxe4 Bb7 21. Rfd1 Qc8 22. Ne5 Na5 23. c6 1-0

[Event "Unterfranken-ch M1 62th"]
[Site "Gerolzhofen"]
[Date "2011.04.25"]
[Round "1"]
[White "Seifert, Armin"]
[Black "Kuhn, Norbert"]
[Result "1/2-1/2"]
[WhiteElo "1829"]
[BlackElo "2088"]
[PlyCount "61"]
[EventDate "2011.04.25"]
[EventType "swiss"]
[EventRounds "9"]
[EventCountry "GER"]
[SourceTitle "EXT 2015"]
[Source "ChessBase"]
[SourceDate "2014.11.20"]
[SourceVersion "1"]
[SourceVersionDate "2014.11.20"]
[SourceQuality "1"]

1. e4 e6 2. d4 d5 3. exd5 exd5 4. Nf3 Nf6 5. Bd3 Bd6 6. 0-0 0-0 7. Bg5 Bg4 8. Nbd2 Nbd7 9. c3 c6 10. Qc2 Qc7 11. Rfe1 Rfe8 12. Bh4 Bh5 13. Bg3 Bg6 14. Bxd6 Qxd6 15. Rac1 Qf4 16. Bxg6 hxg6 17. Rxe8+ Rxe8 18. Re1 Rxe1+ 19. Nxe1 Qf5 20. Qxf5 gxf5 21. Nb3 b6 22. Nd3 Kf8 23. f3 Ke7 24. Kf2 Ne8 25. g4 fxg4 26. fxg4 Nef6 27. h3 Ne4+ 28. Ke3 Kf6 29. Nf2 Nd6 30. Nd2 Ke6 31. Nd3 1/2-1/2

[Event "Unterfranken-ch M2 60th"]
[Site "Obernau"]
[Date "2009.04.17"]
[Round "7"]
[White "Reitz, Helmut"]
[Black "Seifert, Armin"]
[Result "1/2-1/2"]
[WhiteElo "1861"]
[BlackElo "1811"]
[PlyCount "36"]
[EventDate "2009.04.13"]
[EventType "swiss"]
[EventRounds "9"]
[EventCountry "GER"]
[SourceTitle "EXT 2015"]
[Source "ChessBase"]
[SourceDate "2014.11.20"]
[SourceVersion "1"]
[SourceVersionDate "2014.11.20"]
[SourceQuality "1"]

1. d4 d5 2. Nf3 Nf6 3. c4 e6 4. Nc3 c6 5. Bg5 Be7 6. e3 Nbd7 7. Rc1 0-0 8. Bd3 dxc4 9. Bxc4 Nd5 10. Bxe7 Qxe7 11. 0-0 Nxc3 12. Rxc3 e5 13. dxe5 Nxe5 14. Nxe5 Qxe5 15. f4 Qe7 16. Qe2 Bf5 17. Bd3 Bxd3 18. Rxd3 Rfd8 1/2-1/2

[Event "Unterfranken-ch M2 60th"]
[Site "Obernau"]
[Date "2009.04.14"]
[Round "4"]
[White "Seifert, Armin"]
[Black "Basel, Matthias"]
[Result "1/2-1/2"]
[WhiteElo "1811"]
[BlackElo "2015"]
[PlyCount "41"]
[EventDate "2009.04.13"]
[EventType "swiss"]
[EventRounds "9"]
[EventCountry "GER"]
[SourceTitle "EXT 2015"]
[Source "ChessBase"]
[SourceDate "2014.11.20"]
[SourceVersion "1"]
[SourceVersionDate "2014.11.20"]
[SourceQuality "1"]

1. e4 g6 2. d4 Bg7 3. Nc3 a6 4. a4 b6 5. f4 Bb7 6. Nf3 e6 7. Be2 Ne7 8. 0-0 d5 9. e5 c5 10. Be3 Nd7 11. Qd2 Qc7 12. Nd1 cxd4 13. Bxd4 Rc8 14. Ne3 Nc6 15. c4 Nxd4 16. Nxd4 0-0 17. cxd5 exd5 18. Rac1 Qb8 19. b4 Rxc1 20. Rxc1 Rc8 21. Bf3 1/2-1/2

[Event "Nuremberg Zabo op 10th"]
[Site "Nuremberg"]
[Date "2008.09.21"]
[Round "4"]
[White "Seifert, Armin"]
[Black "Kulok, Solomon"]
[Result "0-1"]
[WhiteElo "1832"]
[BlackElo "1615"]
[PlyCount "38"]
[EventDate "2008.09.19"]
[EventType "swiss"]
[EventRounds "5"]
[EventCountry "GER"]
[SourceTitle "EXT 2012"]
[Source "ChessBase"]
[SourceDate "2011.11.24"]
[SourceVersion "1"]
[SourceVersionDate "2011.11.24"]
[SourceQuality "1"]

1. e4 d5 2. exd5 Qxd5 3. Nc3 Qd6 4. d4 c6 5. Bc4 Nf6 6. Nge2 Bf5 7. Bf4 Qb4 8. Bd3 Bxd3 9. Qxd3 Nbd7 10. 0-0 0-0-0 11. a3 Qb6 12. Qc4 e6 13. b4 a6 14. Rfb1 Nd5 15. Nxd5 exd5 16. Qc3 Nf6 17. f3 Bd6 18. b5 axb5 19. Rxb5 Qxb5 0-1

[Event "Nuremberg Zabo op 10th"]
[Site "Nuremberg"]
[Date "2008.09.20"]
[Round "2"]
[White "Sporrer, Bernhard"]
[Black "Seifert, Armin"]
[Result "1-0"]
[WhiteElo "2054"]
[BlackElo "1832"]
[PlyCount "46"]
[EventDate "2008.09.19"]
[EventType "swiss"]
[EventRounds "5"]
[EventCountry "GER"]
[SourceTitle "EXT 2012"]
[Source "ChessBase"]
[SourceDate "2011.11.24"]
[SourceVersion "1"]
[SourceVersionDate "2011.11.24"]
[SourceQuality "1"]

1. e4 c5 2. c3 d5 3. exd5 Qxd5 4. d4 e5 5. Nf3 Nc6 6. dxe5 Qxd1+ 7. Kxd1 Bg4 8. Bf4 Bxf3+ 9. gxf3 Rd8+ 10. Nd2 f6 11. Bb5 fxe5 12. Bxe5 Nf6 13. Rg1 a6 14. Bxc6+ bxc6 15. Kc2 Kf7 16. Ne4 h6 17. Rad1 Be7 18. c4 Rxd1 19. Rxd1 Rd8 20. Rxd8 Bxd8 21. Nxc5 a5 22. Nb7 Be7 23. Nxa5 Bc5 1-0

[Event "Unterfranken-ch M2 59th"]
[Site "Rieneck"]
[Date "2008.03.28"]
[Round "8"]
[White "Loeser, Tobias"]
[Black "Seifert, Armin"]
[Result "1-0"]
[WhiteElo "1889"]
[BlackElo "1806"]
[PlyCount "49"]
[EventDate "2008.03.24"]
[EventType "swiss"]
[EventRounds "9"]
[EventCountry "GER"]
[SourceTitle "EXT 2015"]
[Source "ChessBase"]
[SourceDate "2014.11.20"]
[SourceVersion "1"]
[SourceVersionDate "2014.11.20"]
[SourceQuality "1"]

1. e4 e5 2. Nf3 d6 3. d4 exd4 4. Nxd4 Nf6 5. Nc3 Be7 6. Bf4 0-0 7. Bd3 Re8 8. 0-0 a6 9. Qf3 Bg4 10. Qg3 Qc8 11. f3 Bh5 12. Nf5 Bg6 13. Nxe7+ Rxe7 14. Bg5 Nbd7 15. Rae1 h6 16. Bh4 Nh5 17. Qf2 Re8 18. f4 Nc5 19. f5 Nxd3 20. cxd3 Bh7 21. Nd5 Kh8 22. g4 Nf6 23. Nxf6 gxf6 24. Bxf6+ Kg8 25. Qh4 1-0

[Event "Unterfranken-ch M2 59th"]
[Site "Rieneck"]
[Date "2008.03.26"]
[Round "5"]
[White "Puetz, Lothar"]
[Black "Seifert, Armin"]
[Result "0-1"]
[WhiteElo "1828"]
[BlackElo "1806"]
[PlyCount "78"]
[EventDate "2008.03.24"]
[EventType "swiss"]
[EventRounds "9"]
[EventCountry "GER"]
[SourceTitle "EXT 2015"]
[Source "ChessBase"]
[SourceDate "2014.11.20"]
[SourceVersion "1"]
[SourceVersionDate "2014.11.20"]
[SourceQuality "1"]

1. d4 d5 2. c4 e6 3. Nc3 Nf6 4. Bg5 Be7 5. Nf3 Nbd7 6. e3 0-0 7. Rc1 c6 8. cxd5 exd5 9. Bd3 Re8 10. 0-0 Nf8 11. Ne5 N6d7 12. Bf4 Nxe5 13. Bxe5 Bd6 14. Bxd6 Qxd6 15. Re1 f5 16. Qc2 Qf6 17. Ne2 Ng6 18. b4 a6 19. a4 Bd7 20. Qc5 Nh4 21. Qb6 Qg5 22. Ng3 Re7 23. Qxb7 Rae8 24. f4 Qf6 25. Qc7 Rxe3 26. Rxe3 Qxd4 27. Kf1 Qxe3 28. Rd1 Nf3 29. gxf3 Qxf3+ 30. Kg1 Qxd1+ 31. Bf1 Qd4+ 32. Kg2 Qd2+ 33. Kh3 Be6 34. Qxc6 Bf7 35. Qd6 g6 36. Bxa6 Re6 37. Qb8+ Kg7 38. Bc8 Re8 39. b5 Qc3 0-1

[Event "Unterfranken-ch M2 59th"]
[Site "Rieneck"]
[Date "2008.03.26"]
[Round "4"]
[White "Seifert, Armin"]
[Black "Vogt, Thomas"]
[Result "1/2-1/2"]
[WhiteElo "1806"]
[BlackElo "1937"]
[PlyCount "64"]
[EventDate "2008.03.24"]
[EventType "swiss"]
[EventRounds "9"]
[EventCountry "GER"]
[SourceTitle "EXT 2015"]
[Source "ChessBase"]
[SourceDate "2014.11.20"]
[SourceVersion "1"]
[SourceVersionDate "2014.11.20"]
[SourceQuality "1"]

1. e4 e5 2. Nf3 Nc6 3. Bb5 a6 4. Bxc6 dxc6 5. 0-0 f6 6. d4 exd4 7. Nxd4 c5 8. Ne2 Qxd1 9. Rxd1 Bd7 10. Bf4 0-0-0 11. Nbc3 Re8 12. Rd2 Ne7 13. Rad1 Bc6 14. Bg3 h5 15. f3 g5 16. Nd5 Nxd5 17. exd5 Bb5 18. Nc3 h4 19. Bf2 f5 20. Nxb5 axb5 21. h3 Bd6 22. Re1 Rxe1+ 23. Bxe1 Re8 24. Kf1 Kd7 25. Re2 Rxe2 26. Kxe2 Be5 27. Bd2 Bf6 28. b3 b4 29. Kd3 Kd6 30. c4 b6 31. Bc1 c6 32. g3 hxg3 1/2-1/2

[Event "Unterfranken-ch M2 59th"]
[Site "Rieneck"]
[Date "2008.03.25"]
[Round "2"]
[White "Seifert, Armin"]
[Black "Ersoez, Can Hakki"]
[Result "1/2-1/2"]
[WhiteElo "1806"]
[BlackElo "1869"]
[PlyCount "55"]
[EventDate "2008.03.24"]
[EventType "swiss"]
[EventRounds "9"]
[EventCountry "GER"]
[SourceTitle "EXT 2015"]
[Source "ChessBase"]
[SourceDate "2014.11.20"]
[SourceVersion "1"]
[SourceVersionDate "2014.11.20"]
[SourceQuality "1"]

1. e4 c5 2. Nc3 Nc6 3. g3 g6 4. Bg2 Bg7 5. d3 d6 6. Nge2 e5 7. 0-0 Nge7 8. Bg5 0-0 9. Qd2 f6 10. Bh6 Nd4 11. Bxg7 Kxg7 12. f4 Rb8 13. fxe5 dxe5 14. Rf2 Be6 15. Nd1 Qd7 16. Ne3 Rbd8 17. b3 b5 18. Nc3 b4 19. Ncd5 Nxd5 20. Nxd5 Bxd5 21. exd5 Nb5 22. Qe3 Qd6 23. g4 Nc3 24. a3 Rf7 25. axb4 cxb4 26. Rxa7 Rxa7 27. Qxa7+ Rd7 28. Qa5 1/2-1/2

[Event "Unterfranken-ch M2 59th"]
[Site "Rieneck"]
[Date "2008.03.24"]
[Round "1"]
[White "Heerlein, Gerd"]
[Black "Seifert, Armin"]
[Result "0-1"]
[WhiteElo "1755"]
[BlackElo "1806"]
[PlyCount "78"]
[EventDate "2008.03.24"]
[EventType "swiss"]
[EventRounds "9"]
[EventCountry "GER"]
[SourceTitle "EXT 2015"]
[Source "ChessBase"]
[SourceDate "2014.11.20"]
[SourceVersion "1"]
[SourceVersionDate "2014.11.20"]
[SourceQuality "1"]

1. Nf3 d5 2. g3 Nf6 3. Bg2 c6 4. b3 Bf5 5. Bb2 Nbd7 6. 0-0 h6 7. d3 e6 8. Nbd2 Bh7 9. Qe1 Qc7 10. e4 dxe4 11. dxe4 Bc5 12. Qe2 0-0 13. a3 e5 14. Ne1 a6 15. Nd3 Ba7 16. Rfe1 Ne8 17. Nc4 f6 18. a4 b5 19. axb5 axb5 20. Ne3 Nd6 21. f3 Rfd8 22. Kh1 Nf8 23. Bh3 Kh8 24. Nb4 Bc5 25. Na6 Qb6 26. Nxc5 Qxc5 27. Red1 Rxa1 28. Rxa1 Bg8 29. Qe1 Ne6 30. Bxe6 Bxe6 31. Qc3 Qb6 32. Nd1 b4 33. Qe3 c5 34. Qe2 Nb5 35. Ne3 Nd4 36. Bxd4 cxd4 37. Nc4 Qb5 38. Ra4 Rc8 39. Qd3 Bxc4 0-1

[Event "Bad Woerishofen op 24th"]
[Site "Bad Woerishofen"]
[Date "2008.03.06"]
[Round "8"]
[White "Seifert, Armin"]
[Black "Trebbin, Wolfhard"]
[Result "1/2-1/2"]
[WhiteElo "1770"]
[BlackElo "1906"]
[PlyCount "87"]
[EventDate "2008.02.28"]
[EventType "swiss"]
[EventRounds "9"]
[EventCountry "GER"]
[SourceTitle "EXT 2022"]
[Source "ChessBase"]
[SourceDate "2021.10.06"]
[SourceVersion "1"]
[SourceVersionDate "2021.10.06"]
[SourceQuality "1"]

1. e4 c5 2. Nc3 e6 3. g3 Nc6 4. Bg2 Rb8 5. d3 g6 6. Be3 b6 7. Nge2 Bg7 8. Qd2 Nge7 9. Bh6 0-0 10. h4 f6 11. Bxg7 Kxg7 12. h5 g5 13. h6+ Kh8 14. f4 gxf4 15. Nxf4 b5 16. Qe3 Nd4 17. 0-0-0 Qa5 18. Kb1 Rb6 19. Nfe2 e5 20. Nd5 Nxd5 21. exd5 Nxe2 22. Qxe2 Ra6 23. a3 b4 24. Qd2 d6 25. Rh4 bxa3 26. Qxa5 Rxa5 27. bxa3 Rxa3 28. Kb2 Ra5 29. Ra1 Rxa1 30. Kxa1 Bd7 31. g4 Rb8 32. Ka2 Rb4 33. Be4 a5 34. c3 Rb8 35. Bf5 Ba4 36. Ka1 Bc2 37. Rh2 Bb3 38. Be6 c4 39. dxc4 Bxc4 40. Rf2 e4 41. Rf4 Bd3 42. Bf5 Rb1+ 43. Ka2 Re1 44. Kb2 1/2-1/2

[Event "Bad Woerishofen op 24th"]
[Site "Bad Woerishofen"]
[Date "2008.02.29"]
[Round "2"]
[White "Seifert, Armin"]
[Black "Santl, Anton"]
[Result "1-0"]
[WhiteElo "1770"]
[BlackElo "2031"]
[PlyCount "64"]
[EventDate "2008.02.28"]
[EventType "swiss"]
[EventRounds "9"]
[EventCountry "GER"]
[SourceTitle "EXT 2022"]
[Source "ChessBase"]
[SourceDate "2021.10.06"]
[SourceVersion "1"]
[SourceVersionDate "2021.10.06"]
[SourceQuality "1"]

1. e4 c5 2. Nc3 Nc6 3. g3 g6 4. d3 Bg7 5. Be3 d6 6. Bg2 Nd4 7. Nge2 Bg4 8. 0-0 Nf3+ 9. Kh1 h5 10. Qc1 Bxc3 11. bxc3 Nxh2 12. Kxh2 Bxe2 13. Re1 Bg4 14. e5 dxe5 15. Bxb7 h4 16. Rh1 Nf6 17. Bc6+ Bd7 18. Bf3 Rc8 19. Kg2 h3+ 20. Kg1 Bc6 21. Qd1 Qb6 22. Kh2 Qb7 23. Bxc6+ Qxc6 24. Rg1 Rb8 25. Bg5 Nd5 26. c4 Nf6 27. Qe2 Qe6 28. Rab1 Rxb1 29. Rxb1 Ng4+ 30. Kh1 Qc6+ 31. f3 Kd7 32. Qe4 Nf2+ 1-0

[Event "Unterfranken-ch M2 57th"]
[Site "Prichsenstadt"]
[Date "2006.04.20"]
[Round "5"]
[White "Lukas, Norbert"]
[Black "Seifert, Armin"]
[Result "1-0"]
[WhiteElo "1973"]
[BlackElo "1789"]
[PlyCount "86"]
[EventDate "2006.04.17"]
[EventType "swiss"]
[EventRounds "9"]
[EventCountry "GER"]
[SourceTitle "EXT 2015"]
[Source "ChessBase"]
[SourceDate "2014.11.20"]
[SourceVersion "1"]
[SourceVersionDate "2014.11.20"]
[SourceQuality "1"]

1. e4 e5 2. Nf3 d6 3. Nc3 Nf6 4. d4 Nbd7 5. Bc4 Be7 6. Ng5 0-0 7. Bxf7+ Rxf7 8. Ne6 Qe8 9. Nxc7 Qd8 10. Nxa8 b6 11. Be3 Bb7 12. d5 Qxa8 13. f3 Ba6 14. Qd2 Nc5 15. 0-0-0 Nb7 16. Ne2 Na5 17. b3 Qc8 18. Ng3 Nd7 19. Nf5 Bf8 20. Kb1 Nf6 21. h4 Rc7 22. h5 Rc3 23. g4 Nxb3 24. axb3 Bd3 25. Qxd3 Rxd3 26. Rxd3 Nd7 27. Kb2 Nc5 28. Rd2 a6 29. Bg5 Qd7 30. Ra1 a5 31. Be3 Qb5 32. Bxc5 Qxc5 33. Rd3 g6 34. hxg6 hxg6 35. Ne3 Bh6 36. Nc4 Kf7 37. Rc3 Kf6 38. Nxe5 Qd4 39. Nc6 Qf2 40. Rd1 Bf4 41. e5+ Bxe5 42. Nxe5 Kxe5 43. Rcd3 Qg2 1-0

[Event "Unterfranken-ch M2 51th"]
[Site "Sailauf"]
[Date "2000.04.24"]
[Round "1"]
[White "Seifert, Armin"]
[Black "Hefter, Franz"]
[Result "0-1"]
[WhiteElo "1786"]
[BlackElo "1923"]
[PlyCount "42"]
[EventDate "2000.04.24"]
[EventType "swiss"]
[EventRounds "9"]
[EventCountry "GER"]
[SourceTitle "EXT 2015"]
[Source "ChessBase"]
[SourceDate "2014.11.20"]
[SourceVersion "1"]
[SourceVersionDate "2014.11.20"]
[SourceQuality "1"]

1. e4 c6 2. d4 d5 3. exd5 cxd5 4. c4 Nf6 5. Nc3 e6 6. c5 Be7 7. b4 0-0 8. f4 b6 9. Nf3 a5 10. Na4 Nfd7 11. bxa5 bxc5 12. Bd2 Nc6 13. dxc5 Nxc5 14. Nxc5 Bxc5 15. Rc1 Rxa5 16. Bxa5 Qxa5+ 17. Nd2 Nd4 18. Bd3 Bb4 19. Rf1 Qa3 20. Rf3 Nxf3+ 21. gxf3 Qxd3 0-1